000 00564nam a2200193Ia 4500
003 LDD
008 181029s9999 xx 000 0 und d
020 _a9789077874820
_cE35.00
040 _cLDD
100 _aDhingra, Koshi
245 0 _aChange agents in science education
_cKoshi Dhingra
260 _aRotterdam
_bSense Publishers
_c2006
300 _avii, 153p.
365 _bE 35.00
901 _a8188
_b03-01-2012
902 _aINDXL/IGNOU/159
_b12-01-2012
_cF
_dII
_e37
903 _aDiscount-15
_bReqst by : Niradhar Dey
942 _2ddc
_cBK
999 _c100742
_d100742